<?xml version="1.0" encoding="UTF-8"?>
<collection xmlns:xsi="http://www.w3.org/2001/XMLSchema-instance" xsi:schemaLocation="http://www.loc.gov/MARC21/slim http://www.loc.gov/standards/marcxml/schema/MARC21slim.xsd" xmlns="http://www.loc.gov/MARC21/slim">
 <record>
  <leader>00000cam a22000003i 4500</leader>
  <controlfield tag="001">UP-1685594773862157999</controlfield>
  <controlfield tag="003">Buklod</controlfield>
  <controlfield tag="005">20250307154521.0</controlfield>
  <controlfield tag="006">g||| |     ||   ||</controlfield>
  <controlfield tag="007">ta</controlfield>
  <controlfield tag="008">190305s2007    xx g    r    |||| udtag d</controlfield>
  <datafield tag="035" ind1=" " ind2=" ">
   <subfield code="a">(iLib)UPBAG-00033144979</subfield>
  </datafield>
  <datafield tag="040" ind1=" " ind2=" ">
   <subfield code="a">DMUS</subfield>
   <subfield code="d">BAG</subfield>
   <subfield code="e">rda</subfield>
  </datafield>
  <datafield tag="041" ind1=" " ind2=" ">
   <subfield code="a">tag</subfield>
   <subfield code="a">akl</subfield>
   <subfield code="a">knk</subfield>
   <subfield code="a">pag</subfield>
   <subfield code="a">pang</subfield>
   <subfield code="a">bit</subfield>
   <subfield code="a">mgd</subfield>
   <subfield code="a">ilo</subfield>
   <subfield code="a">iln</subfield>
  </datafield>
  <datafield tag="090" ind1=" " ind2="0">
   <subfield code="a">M 1578</subfield>
   <subfield code="b">A95 2007</subfield>
  </datafield>
  <datafield tag="245" ind1="1" ind2="4">
   <subfield code="a">Mga awiting bayan para sa korong Pilipino</subfield>
   <subfield code="b">15 new choral works and arrangements in various Philippine languages</subfield>
   <subfield code="c">edited by Verne de la Pena.</subfield>
  </datafield>
  <datafield tag="264" ind1=" " ind2="1">
   <subfield code="a">Intramuros, Manila</subfield>
   <subfield code="b">National Commission for Culture and the Arts</subfield>
   <subfield code="c">[2007]</subfield>
  </datafield>
  <datafield tag="300" ind1=" " ind2=" ">
   <subfield code="a">1 score (146 pages)</subfield>
   <subfield code="c">31 cm</subfield>
  </datafield>
  <datafield tag="336" ind1=" " ind2=" ">
   <subfield code="a">text</subfield>
   <subfield code="2">rdacontent</subfield>
  </datafield>
  <datafield tag="337" ind1=" " ind2=" ">
   <subfield code="a">unmediated</subfield>
   <subfield code="2">rdamedia</subfield>
  </datafield>
  <datafield tag="338" ind1=" " ind2=" ">
   <subfield code="a">volume</subfield>
   <subfield code="2">rdacarrier</subfield>
  </datafield>
  <datafield tag="500" ind1=" " ind2=" ">
   <subfield code="a">Choral arrangements of traditional songs characteristic of various cultural regions in the Philippines; award winning arrangements of National Music Competition for Young Artists, 2007.</subfield>
  </datafield>
  <datafield tag="500" ind1=" " ind2=" ">
   <subfield code="a">For unaccompanied mixed chorus, 4-8 voices.</subfield>
  </datafield>
  <datafield tag="500" ind1=" " ind2=" ">
   <subfield code="a">Includes biographical notes in English.</subfield>
  </datafield>
  <datafield tag="505" ind1="0" ind2=" ">
   <subfield code="a">Foreword / Felipe de Leon, Jr. -- Ahay tuburan : Aklanon folksong / arrangement by Christopher Borela -- Alma de Cristo : Anima Christi with Cuyunon text / by John Pamintuan -- Aruy! - Beria Cu - Atsing Rosing - O cacang maputla : medley of Kapampangan folksongs / arrangement by Ena Maria R. Aldecoa -- Bomala ka ay bowan : Cordillera folksong / arrangement by Bienvenido B. Constantino, Jr. -- Dagiti bitbituen idiay langit : Ilokano folksong / arrangement by Jude Edgard C. Balsamo -- Day-eng : Western Bontoc folksong / arrangement by Nelson O. Polvoriza -- Kaisa-isa niyan  : based on a Maguindanaoan children's game / by Nilo B. Alcala II -- Magtanim ay di biro : Tagalog folksong / arrangement by Fidel Calalang, Jr. -- Malinak lay labi : Pangasinan folksong / arrangement by Saunder Choi -- Mindanao : with Visayan text / music, lyrics and arrangement by Dioscoro B. Vicentino -- Orde-e : Madukayan folksong / arrangement by Lester Delgado -- Pagtulog na, Nene : Ilonggo folksong / arrangement by Arwin Tan -- Pinpin di sirapin : Capisnon folksong / arrangement by Nathanael Arnel Almonte de Pano -- Sitsiritsit : Tagalog folksong / arrangement by Nathanael Arnel Almonte de Pano -- Tong tong pakitong : based on a Tagalog folksong / by Anna Tabita Abeleda Piquero.</subfield>
  </datafield>
  <datafield tag="546" ind1=" " ind2=" ">
   <subfield code="a">Text in Tagalog and other Philippines languages.</subfield>
  </datafield>
  <datafield tag="650" ind1=" " ind2="0">
   <subfield code="a">Choruses, Secular (Mixed voices), Unaccompanied.</subfield>
  </datafield>
  <datafield tag="650" ind1=" " ind2="0">
   <subfield code="a">Folk songs</subfield>
   <subfield code="z">Philippines.</subfield>
  </datafield>
  <datafield tag="650" ind1=" " ind2="0">
   <subfield code="a">Songs</subfield>
   <subfield code="z">Philippines.</subfield>
  </datafield>
  <datafield tag="700" ind1="1" ind2=" ">
   <subfield code="a">De la Pena, Verna</subfield>
   <subfield code="e">editor.</subfield>
  </datafield>
  <datafield tag="905" ind1=" " ind2=" ">
   <subfield code="a">FI</subfield>
  </datafield>
  <datafield tag="852" ind1="0" ind2=" ">
   <subfield code="a">UPBAG</subfield>
   <subfield code="b">UPBAG-MAIN</subfield>
   <subfield code="h">M 1578 A95 2007</subfield>
  </datafield>
  <datafield tag="942" ind1=" " ind2=" ">
   <subfield code="a">Book</subfield>
  </datafield>
 </record>
</collection>
